Logo

Description automatically generated
विद्यार्जन
 संसाधन केंद्र, भारतीय प्रौद्योगिकी संस्थान इन्दौर
Learning Resource Center, Indian Institute of Technology Indore

ऑनलाइन सार्वजनिक अभिगम प्रसूची
Online Public Access Catalogue (OPAC)

Ginzburg-Landau vortices (Record no. 27282)

MARC details
000 -LEADER
fixed length control field 00695nam a2200229Ia 4500
005 - DATE AND TIME OF LATEST TRANSACTION
control field 20260123205430.0
008 - FIXED-LENGTH DATA ELEMENTS--GENERAL INFORMATION
fixed length control field 170106s1994||||xx |||||||||||||| ||und||
020 ## - INTERNATIONAL STANDARD BOOK NUMBER
International Standard Book Number 9780817637231 (pbk)
082 ## - DEWEY DECIMAL CLASSIFICATION NUMBER
Classification number 530.1553353
Item number BET
041 ## - LANGUAGE CODE
Language code of text/sound track or separate title eng
100 ## - MAIN ENTRY--PERSONAL NAME
Personal name Bethuel, Fabrice
245 #0 - TITLE STATEMENT
Title Ginzburg-Landau vortices
260 ## - PUBLICATION, DISTRIBUTION, ETC.
Place of publication, distribution, etc. New York
Name of publisher, distributor, etc. Springer Science + Business Media
Date of publication, distribution, etc. 1994
300 ## - PHYSICAL DESCRIPTION
Extent xxvii, 158p. ; 28cm.
440 ## - SERIES STATEMENT/ADDED ENTRY--TITLE
Title Progress in nonlinear differential equations and their applications ; v. 13
653 ## - INDEX TERM--UNCONTROLLED
Uncontrolled term Mathematical physics
653 ## - INDEX TERM--UNCONTROLLED
Uncontrolled term Condensed matter physics
653 ## - INDEX TERM--UNCONTROLLED
Uncontrolled term Superconductivity
700 ## - ADDED ENTRY--PERSONAL NAME
Personal name Brezis, Haim
700 ## - ADDED ENTRY--PERSONAL NAME
Personal name Helein, Frederic
942 ## - ADDED ENTRY ELEMENTS (KOHA)
Koha item type Book
Source of classification or shelving scheme Dewey Decimal Classification
Holdings
Withdrawn status Lost status Damaged status Not for loan Home library Current library Shelving location Date acquired Source of acquisition Total Checkouts Full call number Barcode Date last seen Price effective from Koha item type
        LRC, IIT Indore LRC, IIT Indore 3rd Floor - General Stack 10/04/2015 PO No. 324 ; Vendor: Segment Book Dis., New Delhi ; Bill No. 43812, dt.10.04.2015; Price: EUR 129.99   530.1553353 BET 27282 06/01/2017 10/04/2015 Book
        LRC, IIT Indore LRC, IIT Indore 3rd Floor - General Stack 10/04/2015 PO No. 324 ; Vendor: Segment Book Dis., New Delhi ; Bill No. 43812, dt.10.04.2015; Price: EUR 129.99   530.1553353 BET 27283 06/01/2017 10/04/2015 Book
Copyright © 2017-2026 Indian Institute of Technology Indore. All Rights Reserved.
Managed & maintained by Learning Resource Center, IIT Indore